Т. 48, № 5; Геология рудных месторождений; Муратаит - универсальная матрица для иммобилизации актинидов; Бритолиты как природные аналоги матриц актинидов: устойчивость к радиационным разрушениям; Физико-химические параметры магматических и гидротермальных процессов на колчеданном месторождении Яман-Касы, Южный Урал; Калгутинское комплексное месторождение (Горный Алтай): минералого-геохимическая характеристика, флюидный режим рудообразования; Влияние селена на перенос и осаждение серебра гидротермальными растворами: термодинамическое описание системы Ag-Se-S-Cl-0-H
| Parent link: | Геология рудных месторождений: научный журнал/ Российская академия наук (РАН). Т. 48, № 5.— , 1959-.— 0016-7770 |
|---|---|
| Idioma: | rus |
| Publicat: |
2006
|
| TOC: | Н. П. Лаверов [и др.], Муратаит - универсальная матрица для иммобилизации актинидов; Т. С. Лившиц, Бритолиты как природные аналоги матриц актинидов: устойчивость к радиационным разрушениям; В. А. Симонов [и др.], Физико-химические параметры магматических и гидротермальных процессов на колчеданном месторождении Яман-Касы, Южный Урал; А. А. Поцелуев, Д. И. Бабкин, В. И. Котегов, Калгутинское комплексное месторождение (Горный Алтай): минералого-геохимическая характеристика, флюидный режим рудообразования; Н. Н. Акинфиев, Б. Р. Тагиров, Влияние селена на перенос и осаждение серебра гидротермальными растворами: термодинамическое описание системы Ag-Se-S-Cl-0-H; |
| Format: | MixedMaterials Llibre |
| KOHA link: | https://koha.lib.tpu.ru/cgi-bin/koha/opac-detail.pl?biblionumber=410285 |
MARC
| LEADER | 00000nam2a2200000 4500 | ||
|---|---|---|---|
| 001 | 410285 | ||
| 005 | 20231101071317.0 | ||
| 035 | |a (RuTPU)RU\TPU\prd\64195 | ||
| 035 | |a RU\TPU\prd\47536 | ||
| 090 | |a 410285 | ||
| 100 | |a 20090317a19599999k y0rusy50 ca | ||
| 101 | 0 | |a rus | |
| 102 | |a RU | ||
| 200 | 0 | |a Т. 48, № 5 | |
| 210 | |d 2006 | ||
| 461 | 1 | |0 (RuTPU)RU\TPU\prd\127 |x 0016-7770 |t Геология рудных месторождений |o научный журнал |f Российская академия наук (РАН) |v Т. 48, № 5 |d 1959- | |
| 464 | |t Муратаит - универсальная матрица для иммобилизации актинидов |f Н. П. Лаверов [и др.] | ||
| 464 | |t Бритолиты как природные аналоги матриц актинидов: устойчивость к радиационным разрушениям |f Т. С. Лившиц | ||
| 464 | |t Физико-химические параметры магматических и гидротермальных процессов на колчеданном месторождении Яман-Касы, Южный Урал |f В. А. Симонов [и др.] | ||
| 464 | |t Калгутинское комплексное месторождение (Горный Алтай): минералого-геохимическая характеристика, флюидный режим рудообразования |f А. А. Поцелуев, Д. И. Бабкин, В. И. Котегов | ||
| 464 | |t Влияние селена на перенос и осаждение серебра гидротермальными растворами: термодинамическое описание системы Ag-Se-S-Cl-0-H |f Н. Н. Акинфиев, Б. Р. Тагиров | ||
| 801 | 0 | |a RU |b 63413507 |c 20010227 |g PSBO | |
| 801 | 1 | |a RU |b 63413507 |c 20061107 |g PSBO | |
| 801 | 2 | |a RU |b 63413507 |c 20201215 |g PSBO | |
| 942 | |c BK | ||
| 999 | |a НТБ_ТПУ |b НФ |e -1/20060110 |p П-6557 |s 2/20060420 |u 651,82 |v 1 | ||